| 000 | 00433nam a2200169Ia 4500 | ||
|---|---|---|---|
| 005 | 20140407093650.0 | ||
| 008 | 140130s9999 xx 000 0 und d | ||
| 050 |
_aTK 140.E3 _b.L48 1996 |
||
| 245 |
_cLevinson, Nancy S. _aThoman Alva Edison: great inventor |
||
| 260 |
_bScholastic, _c1996 |
||
| 300 |
_a68 p. : _bill., ports. ; _c20 cm |
||
| 440 | _v1 | ||
| 521 | _aG4 | ||
| 526 | _c620 | ||
| 942 |
_cBK _2lcc |
||
| 999 |
_c40805 _d40805 |
||